| 000 -LEADER |
| fixed length control field |
01174nam a22001577a 4500 |
| 008 - FIXED-LENGTH DATA ELEMENTS--GENERAL INFORMATION |
| fixed length control field |
210922b ||||| |||| 00| 0 eng d |
| 100 ## - MAIN ENTRY--PERSONAL NAME |
| Personal name |
Basshuysen, Philippe Van |
| 245 ## - TITLE STATEMENT |
| Title |
How to build an institution |
| 260 ## - PUBLICATION, DISTRIBUTION, ETC. (IMPRINT) |
| Place of publication, distribution, etc |
Philosophy of the Social Sciences |
| 300 ## - PHYSICAL DESCRIPTION |
| Extent |
51(2), Mar, 2021: 215-238 |
| 520 ## - SUMMARY, ETC. |
| Summary, etc |
How should institutions be designed that “work” in bringing about desirable social outcomes? I study a case of successful institutional design—the redesign of the National Resident Matching Program—and argue that economists assume three roles when designing an institution, each of which complements the other two: first, the designer combines positive and normative modeling to formalize policy goals and to design possible mechanisms for bringing them about. Second, the engineer refines the design by conducting experiments and computational analyses. Third, the plumber implements the design in the real world and mends it as needed. – Reproduced |
| 650 ## - SUBJECT ADDED ENTRY--TOPICAL TERM |
| Topical term or geographic name as entry element |
Economic design, Engineering, Plumbing, Normative modeling, Algorithmic bias |
| 9 (RLIN) |
27525 |
| 773 ## - HOST ITEM ENTRY |
| Main entry heading |
Philosophy of the Social Sciences |
| 906 ## - LOCAL DATA ELEMENT F, LDF (RLIN) |
| Subject DIP |
INSTITUTIONS |
| 942 ## - ADDED ENTRY ELEMENTS (KOHA) |
| Item type |
Articles |